Man and his government, (Record no. 1458)

MARC details
000 -LEADER
fixed length control field 00755cam a22002531 4500
001 - CONTROL NUMBER
control field 5961757
003 - CONTROL NUMBER IDENTIFIER
control field OSt
005 - DATE AND TIME OF LATEST TRANSACTION
control field 20230620082911.0
008 - FIXED-LENGTH DATA ELEMENTS--GENERAL INFORMATION
fixed length control field 890803s1936 iluaf 000 0 eng
010 ## - LIBRARY OF CONGRESS CONTROL NUMBER
LC control number 37000998
035 ## - SYSTEM CONTROL NUMBER
System control number (OCoLC)20117899
040 ## - CATALOGING SOURCE
Original cataloging agency DLC
Transcribing agency ViFarL
Modifying agency DLC
042 ## - AUTHENTICATION CODE
Authentication code premarc
050 00 - LIBRARY OF CONGRESS CALL NUMBER
Classification number JA70
Item number .M5
082 #0 - DEWEY DECIMAL CLASSIFICATION NUMBER
Classification number 350
Item number MIT
100 1# - MAIN ENTRY--PERSONAL NAME
Personal name Mitchell, Harley W.
245 10 - TITLE STATEMENT
Title Man and his government,
Statement of responsibility, etc. by Harley W. Mitchell.
260 ## - PUBLICATION, DISTRIBUTION, ETC. (IMPRINT)
Place of publication, distribution, etc. Chicago,
Name of publisher, distributor, etc. Follett publishing company
Date of publication, distribution, etc. [c1936]
300 ## - PHYSICAL DESCRIPTION
Extent 139, [2] p.
Other physical details incl. illus., plates.
Dimensions 21 cm.
490 0# - SERIES STATEMENT
Series statement The story of man - Social studies series
650 #0 - SUBJECT ADDED ENTRY--TOPICAL TERM
Topical term or geographic name as entry element Political science
Form subdivision Juvenile literature.
906 ## - LOCAL DATA ELEMENT F, LDF (RLIN)
a 7
b cbc
c oclcrpl
d u
e ncip
f 19
g y-gencatlg
942 ## - ADDED ENTRY ELEMENTS (KOHA)
Source of classification or shelving scheme Dewey Decimal Classification
Koha item type Books
Holdings
Withdrawn status Lost status Source of classification or shelving scheme Damaged status Not for loan Home library Current library Date acquired Total Checkouts Full call number Barcode Date last seen Price effective from Koha item type
    Dewey Decimal Classification     County Hall Archives County Hall Archives 06/20/2023   350 MIT 10000826 06/20/2023 06/20/2023 Books
LIBRARY OPENING HOURS

When the Parliament is sitting: 8.00a.m - 7.00p.m or until the house adjourns
Mondays and Fridays and when the House is on Recess:  8.00a.m - 5.00p.m
Closed on Weekends and Public Holidays

Online Public Access Catalog (OPAC)
Website: http://www.parliament.go.ke
Bunge Library: https://libraryir.parliament.go.ke
Contact: library@parliament.go.ke | Tel no: (254-2)2221291 or 2848000 Ext 5043